000 01554nac a22003491i 4500
003 EG-ScBUE
005 20241128094457.0
008 241128r20052002maua f b 001 0 eng d
020 _a0070474370
020 _a9780070474376
040 _aEG-ScBUE
_beng
_erda
_cEG-ScBUE
_dEG-ScBUE
082 0 4 _a519.402462
_bCHA
_222
100 1 _aChapra, Steven C.,
_eauthor.
245 1 0 _aNumerical methods for engineers :
_bwith software and programming applications /
_cSteven C. Chapra, berger chair in computing and engineering, Tufts University, Raymond P. Canale, professor emeritus of civil engineering, University of Michigan.
250 _aFourth edition.
250 _aSixth printing.
264 1 _aBoston :
_bMcGraw-Hill,
_c2005.
300 _axviii, 926 pages :
_billustrations (some color) ;
_c24 cm
336 _2rdacontent
_atext
_btxt
337 _aunmediated
_2rdamedia
_bn
338 _avolume
_bnc
_2rdacarrier
504 _aIncludes bibliographical references and index.
650 7 _aEngineering mathematics
_xData processing.
_2BUEsh
650 7 _aNumerical calculations
_xData processing.
_2BUEsh
650 7 _aMicrocomputers
_xProgramming.
_2BUEsh
655 _vReading book
700 1 _aCanale, Raymond P.,
_eauthor.
856 4 2 _3Contributor biographical information
_uhttp://www.loc.gov/catdir/bios/mh042/2001030654.html
856 4 2 _3Publisher description
_uhttp://www.loc.gov/catdir/description/mh021/2001030654.html
856 4 2 _3Table of contents
_uhttp://www.loc.gov/catdir/toc/mh021/2001030654.html
942 _cBB
_2ddc
999 _c1320
_d1320